000 00291nam a22001337a 4500
008 181031b xxu||||| |||| 00| 0 eng d
020 _a9780205129959
041 _aeng
080 _a341
100 _a15
101 _aSHJ
245 _aEffective Argument
_cNicholas, J.K
942 _2udc
_cBK
999 _c51326
_d51326